[Devín]

Zobrazenie: Dobový pohľad na Devínsky hrad, okolo roku 1860.

Podrobná bibliografia
Médium: Fotografia
Jazyk:slovenčina
Fyzický popis:1 tlač kolorovaná 21 x 24 cm
Vydavateľské údaje: [S.l. s.n.] [medzi 1900 a 2000?]
Predmet:

MARC

LEADER 00000nkmaa2200000 a 4500
001 vtls012129861
003 SK-MaSNL
005 20260426010724.0
007 kj ho
008 230420q1900 xx | ||00 k|slo
035 |a urn:nbn:sk:snk-km00iawk 
035 |a A0B9E536-63C9-4542-8757-B24C439B967C 
040 |a SNKLA  |b slo  |c SNKLA  |e AACR2 
041 0 |a slo 
245 0 0 |a [Devín]  |h grafika 
260 |a [S.l.  |b s.n.]  |c [medzi 1900 a 2000?] 
300 |a 1 tlač  |b kolorovaná  |c 21 x 24 cm 
500 |a Tlač rytiny je súčasťou zbierky mesta Bratislava, časť mesta Devín. Je v pasparte s rozmerom 24 x 28 cm 
500 |a Názov vytvorený na základe vyobrazenia na dokumente 
520 2 |a Zobrazenie: Dobový pohľad na Devínsky hrad, okolo roku 1860. 
610 1 7 |a Devín (Bratislava, Slovensko : hrad)  |2 SNKKA  |9 32085 
650 0 7 |a rytiny  |2 SNKPH  |9 3153 
650 0 7 |a hrady  |2 SNKPH  |9 3039 
651 7 |a Devín (Bratislava IV, Slovensko)  |2 SNKPHgeo  |9 75534 
651 7 |a Bratislava (Slovensko)  |2 SNKPHgeo  |9 14568 
655 7 |a reprodukcie umeleckých diel  |2 SNKPH  |9 70730 
655 7 |a tlače  |2 SNKLA  |9 342720 
852 |a Slovenská národná knižnica  |b Literárny archív 
958 |a ZT 
958 |a ONDV 
999 |c 1042630  |d 1044560 
952 |a SNKLA  |b SNKLA  |y NEVYP  |7 0  |p 17A1311925  |o snkLA 2266/1962  |0 0  |1 0  |4 0  |d 2022-04-05  |f 1  |l 0  |r 2026-02-24 14:29:16  |w 2026-02-24